Szczegóły MARC21

Bezpieczny hotel : praca zbiorowa /

005 -DATA I CZAS OSTATNIEJ MODYFIKACJI [,]
    • @
    • pole kontrolne
    • 20070904105416.0
020 -Międzynarod. znormalizowany nr książki - ISBN [ , ]
    • a
    • Numer ISBN
    • 839083667X Find
040 -Instytucja sporządzająca opis [ , ]
    • a
    • Instytucja, która sporządziła opis (NP)
    • SZCZ U
    • c
    • Instytucja, która sporządziła rekord (NP)
    • SZCZ U
    • d
    • Instytucja, która zmodyfikowała rekord (P)
    • SZCZ U/RJ
041 -Język dokumentu [0, ]
    • a
    • Język tekstu (P)
    • polski
044 -Kraj miejsca wydania [ , ]
    • a
    • Kraj miejsca wydania
    • Polska
942 -Rodzaj dokumentu [ , ]
    • c
    • Rodzaj dokumentu
    • Książka
245 -Strefa tytułu i oznaczenia odpowiedzialności [1,0]
    • a
    • Tytuł
    • Bezpieczny hotel : Find
    • b
    • Ciąg dalszy tytułu (NP)
    • praca zbiorowa / Find
    • c
    • Pozostałe elementy strefy tytułu i oznaczenia odpowiedzialności (NP)
    • pod red. Janusza Turakiewicza.
260 -Strefa adresu wydawniczego [ , ]
    • a
    • Miejsce wydania (P)
    • [Warszawa] :
    • b
    • Nazwa wydawcy (P)
    • Polskie Zrzeszenie Hoteli : Ministerstwo Gospodarki,
    • c
    • Data wydania (P)
    • [2004?].
300 -Strefa opisu fizycznego [ , ]
    • a
    • Określenie formy książki i/lub objętość (NP)
    • 176 s. ;
    • c
    • Format (NP)
    • 21 cm.
440 -Strefa serii i książki wielotomowej - forma do wyszukiwania [ ,0]
    • a
    • Tytuł (NP)
    • Biblioteka Hotelarza Find
500 -Uwaga ogólna [ , ]
    • a
    • Uwaga ogólna (NP)
    • Bibliogr.
080 -Uniwersalna Klasyfikacja Dziesiętna [ , ]
    • 2
    • Identyfikator wydania tablic
    • UDC-P022
    • a
    • Symbol klasyfikacji
    • 347.5
    • b
    • Dopowiedzenie
    • Odpowiedzialność pozaumowna. Odpowiedzialność cywilna ogólnie. Odpowiedzialność za spowodowanie szkody. Odpowiedzialność za cudze czyny (dzieci, pracowników itp.). Odpowiedzialność za szkody wyrządzone przez obiekty nieożywione (drogi, budynki, drzewa itp.). Odpowiedzialność za szkody wyrządzone przez środki transportu.
    • x
    • Poddział wspólny
    • (438)
    • b
    • Dopowiedzenie
    • (Polska).
080 -Uniwersalna Klasyfikacja Dziesiętna [ , ]
    • 2
    • Identyfikator wydania tablic
    • UDC-P022
    • a
    • Symbol klasyfikacji
    • 351.75
    • b
    • Dopowiedzenie
    • Porządek i bezpieczeństwo publiczne. Kontrola widowisk. Kontrola zrzeszania się i gromadzeń. Nadzór nad bronią. Zezwolenia na broń.
    • x
    • Poddział wspólny
    • (438)
    • b
    • Dopowiedzenie
    • (Polska).
080 -Uniwersalna Klasyfikacja Dziesiętna [ , ]
    • 2
    • Identyfikator wydania tablic
    • UDC-P022
    • a
    • Symbol klasyfikacji
    • 640.41/.42
    • b
    • Dopowiedzenie
    • Hotele. Pensjonaty. Mieszkania i pokoje do wynajęcia. Hotelarstwo.
    • x
    • Poddział wspólny
    • (438)
    • b
    • Dopowiedzenie
    • (Polska).
980 -Symbol UKD [ , ]
    • a
    • UKD
    • 347.5:351.75:640.41/.42](438)
700 -Hasło dodatkowe - nazwa osobowa [1, ]
    • a
    • Nazwa osobowa (NP)
    • Turakiewicz, Janusz Find
    • e
    • Określenie rodzaju współpracy
    • Red.
    • 9
    • KHW
    • 402740
    • d
    • Daty biograficzne (NP)
    • (1952- ).
920 -ISBN [ , ]
    • a
    • ISBN
    • 83-908366-7-X Find
Status udost. Numer inwentarzowy Sygnatura Data inwentaryzacji Lokalizacja
-2T.8446T.84462005-02-25T
-2TM.4686 2007-07-26T